Normal view
MARC view
- Our planet Earth
Entry Topical Term
001 - CONTROL NUMBER
- control field: 100227
003 - CONTROL NUMBER IDENTIFIER
- control field: NUST
005 - DATE AND TIME OF LATEST TRANSACTION
- control field: 20221013160955.0
008 - FIXED-LENGTH DATA ELEMENTS
- fixed length control field: 221013|| aca||aabn | a|a d
040 ## - CATALOGING SOURCE
- Original cataloging agency: NUST
- Transcribing agency: NUST
150 ## - HEADING--TOPICAL TERM
- Topical term or geographic name entry element: Our planet Earth
670 ## - SOURCE DATA FOUND
- Source citation: Work cat.: (NUST)183779: Our planet Earth, 1993.
